| 000 | 01221nam a22001337a 4500 | ||
|---|---|---|---|
| 999 |
_c533255 _d533255 |
||
| 008 | 260505b ||||| |||| 00| 0 eng d | ||
| 100 |
_aSunilraj, Balu and Borah, Prithiraj _960377 |
||
| 245 | _aBetween assertion and victimhood: Upper-caste discontent and the protests against UGC equity regulations | ||
| 260 | _aEconomic & Political Weekly | ||
| 300 | _a 61(16), Apr 18, 2026: p.35-40 | ||
| 520 | _aFocusing on the protests and debates against the recent University Grants Commission (Promotion of Equity in Higher Education Institutions) Regulations, 2026, the article examines how upper-caste common sense manifests as both assertion and victimhood when caste-based policies challenge entrenched exclusions and hierarchies. Recent protests have displayed an unabashed upper-caste assertion in public space, not merely through claims of victimhood but also through open sloganeering such as Brahmanvad Zindabad. This marks a qualitative shift in upper-caste politics, one in which the earlier “cloaks of civility” appear to have been discarded. –Reproduced https://www.epw.in/journal/2026/16/perspectives/between-assertion-and-victimhood.html | ||
| 773 | _aEconomic & Political Weekly | ||
| 942 | _cAR | ||